000 02031cam a22005174i 4500
003 PE-LiUPU
005 20250731165526.0
008 150623s1984 sp r 000 0 spa d
035 _a(Sirsi) a28622
035 _a(Sirsi) a28622
040 _aPE-LiUPU
_bspa
_cPE-LiUPU
_erda
049 _aPRUA
082 0 4 _a225.03
_bV71
_221
082 0 4 _a225.03
_bV71 1984
100 1 _aVine, W. E.,
_eautor.
245 1 0 _aDiccionario expositivo de palabras del Nuevo Testamento.
_n1 /
_cW. E. Vine.
264 1 _aBarcelona, España :
_bServicio Evangélico de Documentación e Información,
_c1984.
300 _a476 páginas ;
_c22 centímetros.
336 _atext
_2rdacontent
337 _aunmediated
_2rdamedia
338 _avolume
_2rdacarrier
505 0 _aDiccionario de la A - D.
526 _aSEG44
526 _aSEG26
526 _aP151
526 _aP150
526 _aP149
526 _aP146
526 _aP145
526 _aP126
526 _aP125
526 _aP92
526 _aP75
526 _aP74
526 _aP27
526 _aP15
942 _2ddc
_cBOOK
949 _aRC 225.03 V71 1
_wDEWEY
_c1
_i24890
_lRC
_mBUL
_r0
_sY
_tBOOK
_u2015-6-24
_xBIBLIOTECA
_zUNKNOWN
_0COMPRA
_o.CIRCNOTE. No olvidar cambiar la fecha de devolución!!!!!!!
_o.STAFF. Colección General
949 _a225.03 V71 1984
_wDEWEY
_c1
_iFJ09830
_lCCODEBUJ1
_mBUJ
_p25.00
_r0
_sY
_tBOOK
_u2017-12-27
_xBIBLIOTECA
_zUNKNOWN
_0DONACION
_o.STAFF. Colección General Juliaca
994 _aC0
_bPEPRU
596 _a1 3
999 _aRC 225.03 V71 1
_wDEWEY
_c35891
_i24890
_d35891
_f2021-11-8
_g6
_lCCODEBUL1
_mBUL
_q4
_r1
_sY
_tBOOK
_u2015-6-24
_xTEOLOGIA
_zUNKNOWN
_0COMPRA
_o.CIRCNOTE. No olvidar cambiar la fecha de devolución!!!!!!!
_o.STAFF. Colección General
999 _a225.03 V71 1984
_wDEWEY
_c1
_iFJ09830
_f2022-2-3
_g4
_lCCODEBUJ1
_mBUJ
_p25.00
_r0
_sY
_tBOOK
_u2017-12-27
_xBIBLIOTECA
_zUNKNOWN
_0DONACION
_o.STAFF. Colección General Juliaca
980 _81
_gALBERTO SANCHEZ Responsable de Automatización